| 000 | 03128nam a22002417a 4500 | ||
|---|---|---|---|
| 003 | UA-OsUOA | ||
| 005 | 20210806103723.0 | ||
| 008 | 210806b un ||||| |||| 00| 0 ukr d | ||
| 040 |
_aUA-OsUOA _bukr _cUA-OsUOA _dUA-OsUOA |
||
| 041 | _aukr | ||
| 080 | _a343.14(477) | ||
| 090 | _a343.14(477) | ||
| 095 |
_a12.00.09 _bкримінальний процес та криміналістика ; судова експертиза |
||
| 100 | _aЛьовкін В. Л. | ||
| 245 |
_aПоказання обвинуваченого в кримінальному процесі України _cЛьовкін В'ячеслав Леонідович ; наук. керівник Шибіко Василь Петрович |
||
| 260 |
_aКиїв _c2007 |
||
| 300 | _a18 с. | ||
| 502 |
_6Автореферат дисертації на здобуття науковго ступеня кандидата юридичних наук
_cКиївський національний університет імені Тараса Шевченка _d2007 |
||
| 520 | _aДосліджено поняття обвинуваченого, його правовий статус. Встановлено, що право обвинуваченого давати показання є важливим елементом права на захист. Досліджено сутність та ознаки показань обвинуваченого. Показання обвинуваченого - джерело доказів, які повідомлені обвинуваченим (підсудним) на допиті чи очній ставці, проведених в ході досудового розслідування у кримінальній справі або в суді першої чи апеляційної інстанцій відповідно до вимог кримінально-процесуального закону. Обґрунтовано положення про подвійну процесуальну природу показань обвинуваченого - це джерело доказів і засіб захисту від обвинувачення. Констатовано недосконалість спрощеного порядку судового розгляду, передбаченого ст. 299 і ст. 301-1 КПК, де судове слідство обмежується допитом підсудного, що визнає вину. Сформульовано пропозиції щодо його вдосконалення. Розглянуто особливості показань обвинуваченого у суді апеляційної інстанції, у справах про злочини неповнолітніх, приватного обвинувачення, а також при розв'язанні питання про взяття обвинуваченого під варту. | ||
| 650 |
_2UDC _a343 Кримінальне право. Карні порушення |
||
| 942 |
_2udc _cAR |
||
| 955 | _a1 | ||
| 999 |
_c571143 _d571143 |
||